| Registos Bibliográficos associados ao registo de autoridade |
|
Etiqueta de registo: 00254nam 2200025 450 001 2205573 003 http://id.bnportugal.gov.pt/bib/catbnp/2205573 100 ## $a20250220d1977 m y0pory01030103ba 101 0# $apor 102 ## $aPT 105 ## $ay z 000yy 106 ## $ar 200 1# $a A escola paralela$fLouis Porcher$gtrad. Maria da Ascenção Pinheiro 210 #9 $aLisboa$cLivros Horizonte,$dimp. 1977 215 ## $a195, [5] p.$d19 cm 225 2# $aBiblioteca do educador profissional$v38 304 ## $aTít. orig.: L'école paralléle 317 ## $aBiblioteca Matilde Rosa Araújo$5PTBN: 700 #1 $aPorcher,$bLouis,$f1940-2014$3125455 702 #1 $aPinheiro,$bMaria da Ascenção$4730$3127009 801 #0 $aPT$bBN$gRPC 971 ## $cisantos$d20250220
|
|
|